Statistics for FullMetal Alchemist Characters

Click here to take the quiz!

General Stats

  • This quiz has been taken 649 times
  • The average score is 9 of 14

Answer Stats

HintAnswer% Correct
FullMetaledward
94%
Humunculuslust
91%
Humunculusenvy
90%
Humunculusgreed
87%
Elric Brotheralphonse
84%
Humunculuspride
84%
Humunculuswrath
84%
Humunculussloth
83%
IshfallenScar
71%
State Alchemistmustang
57%
Crazy Butcherbarry
43%
State Alchemisthawk eye
23%
Auto mail Technisionwinrey
16%
Humunculusgluttney
2%

Score Distribution

Percentile by Number Answered

Percent of People with Each Score

Your Score History

You have not taken this quiz